| 000 | 00881nas a2200265Ia 4500 | ||
|---|---|---|---|
| 001 | R419/38390 | ||
| 003 | IT-RoPAU | ||
| 008 | 151124c99999999xx |||||||||||| ||und|| | ||
| 040 | _aIT-RoPAU | ||
| 040 | _cIT-RoPAU | ||
| 041 | _aFRANCESE | ||
| 100 |
_aFleuret Maurice _gCodice Aut. SPICS: 10458 |
||
| 210 | _aANALYSE MUSICALE | ||
| 222 | _aAnalyse Musicale | ||
| 245 |
_aANALYSE MUSICALE (01) NOVEMBRE 1985 _bAnalyser, Ecouter, Jouer |
||
| 250 | _a1a ed. | ||
| 260 |
_aPARIS _bA.D.A.M. _c1985 |
||
| 501 |
_bPaulus - SPICS - Società San Paolo EM (non-commercial uses only) _cCopyright2015 |
||
| 300 | _a3 p. [9-11] | ||
| 310 | _aTRIMESTRALE | ||
| 362 | _aVOL. 01, NOVEMBRE 1985 | ||
| 500 | _aAnalizzare Ascoltare Giocare Analisi-Musicale-E-Possibilità-Di-Interpretazione-Per-L'Interprete-E-L'Ascoltatore | ||
| 650 |
_aMUSICA _vPUBBLICAZIONE PERIODICA |
||
| 942 | _cCR | ||
| 999 |
_c180850 _d180850 |
||